000
00193 a2200109 4500
020
_a
9780448448831
041
_a
spa
100
_a
Eric Carle
245
_a
Colores
942
_c
BK
952
_7
1
999
_c
21456
_d
21456